| 000 -LEADER |
| fixed length control field |
00757nam a2200241Ia 4500 |
| 001 - CONTROL NUMBER |
| control field |
1893 |
| 003 - CONTROL NUMBER IDENTIFIER |
| control field |
GE_BSU |
| 005 - DATE AND TIME OF LATEST TRANSACTION |
| control field |
20221010141338.0 |
| 008 - FIXED-LENGTH DATA ELEMENTS--GENERAL INFORMATION |
| fixed length control field |
181216s2006ru xx |||||||||||||| ||rus|| |
| 020 ## - INTERNATIONAL STANDARD BOOK NUMBER |
| International Standard Book Number |
532951230 |
| 040 ## - CATALOGING SOURCE |
| Transcribing agency |
GE_BSU |
| 041 ## - LANGUAGE CODE |
| Language code of text/sound track or separate title |
rus |
| 080 ## - UNIVERSAL DECIMAL CLASSIFICATION NUMBER |
| Universal Decimal Classification number |
344(075.8) М-57 |
| 100 ## - MAIN ENTRY--PERSONAL NAME |
| Personal name |
Мигачев,Ю.И. |
| 9 (RLIN) |
15192 |
| 245 ## - TITLE STATEMENT |
| Title |
Военное право : |
| Remainder of title |
Учебник / |
| Statement of responsibility, etc. |
Ю.И. Мигачев, С.В. Тихомиров. |
| 264 ## - PRODUCTION, PUBLICATION, DISTRIBUTION, MANUFACTURE, AND COPYRIGHT NOTICE |
| Place of production, publication, distribution, manufacture |
Москва : |
| Name of producer, publisher, distributor, manufacturer |
Юритинформ, |
| Date of production, publication, distribution, manufacture, or copyright notice |
2005. |
| 300 ## - PHYSICAL DESCRIPTION |
| Extent |
464 с.: |
| Other physical details |
19 см. |
| 653 ## - INDEX TERM--UNCONTROLLED |
| keyword |
Вонное право |
| 653 ## - INDEX TERM--UNCONTROLLED |
| keyword |
სამხედრო სამართალი |
| 653 ## - INDEX TERM--UNCONTROLLED |
| keyword |
სამართალი |
| 700 ## - ADDED ENTRY--PERSONAL NAME |
| Personal name |
ихомиров, С.В. |
| 9 (RLIN) |
15193 |
| 942 ## - ADDED ENTRY ELEMENTS (KOHA) |
| Koha item type |
წიგნი |
| Source of classification or shelving scheme |
|